000 00730nam a2200205 i 4500
001 13408
003 ES-MaACL
005 20230906150552.0
007 t|
008 980302s1994 sp ||||1| spa d
020 _a84-7798-116-7
080 _a726.6.025.4(468.11 S.)
100 1 _aGonzález-Varas Ibáñez, Ignacio.
_959006
245 1 3 _aLa catedral de Sevilla (1881-1900)
_b: el debate sobre la restauración monumental /
_cIgnacio González-Varas Ibáñez.
260 _aSevilla :
_bDiputación Provincial,
_c1994.
300 _a321 p. :
_bil. ;
_c24 cm.
610 1 7 _aCatedral de Sevilla-
_xRestauración.
_92526
710 1 _aSevilla (Provincia).
_bDiputación Provincial.
_96592
852 _aES-MaACL
_jL-20684
_bR.125033
999 _c13408
_d13408